Public-private sector partnerships in the servicing of land and provision of housing for low-income groups in Harare (Record no. 103276)

MARC details
000 -LEADER
fixed length control field 01491cam a2200313 4500
008 - FIXED-LENGTH DATA ELEMENTS--GENERAL INFORMATION
fixed length control field 040112n2004 000 0 eng u
020 ## - INTERNATIONAL STANDARD BOOK NUMBER
International Standard Book Number 1842191748
020 ## - INTERNATIONAL STANDARD BOOK NUMBER
International Standard Book Number 184219173X
035 ## - SYSTEM CONTROL NUMBER
System control number (Sirsi) u124814
041 ## - LANGUAGE CODE
Language code of text/sound track or separate title eng
050 ## - LIBRARY OF CONGRESS CALL NUMBER
Classification number 306.1096891
-- 18
100 ## - MAIN ENTRY--PERSONAL NAME
Personal name Kinyungu, Alice
245 ## - TITLE STATEMENT
Title Public-private sector partnerships in the servicing of land and provision of housing for low-income groups in Harare
Remainder of title experiences and lessons learnt 1990-1996
260 ## - PUBLICATION, DISTRIBUTION, ETC.
Place of publication, distribution, etc. London
Name of publisher, distributor, etc. RICS Foundation
Date of publication, distribution, etc. 2004
300 ## - PHYSICAL DESCRIPTION
Extent iii, 15p.
Dimensions 30cm.
490 ## - SERIES STATEMENT
Series statement RICS Foundation Our Common Estate Series
520 ## - SUMMARY, ETC.
Summary, etc. This paper discusses the experience of Harare City Council when it embarked on a public-private sector partnerships programme in carrying out central city development. Focuses on the experiences of implementing such partnerships in the servicing of land and provision of housing for the low-income groups in Harare. References. View at www.rics-foundation.org.
520 ## - SUMMARY, ETC.
Summary, etc. ISBN 184219173X incorrectly printed on inside cover.
650 ## - SUBJECT ADDED ENTRY--TOPICAL TERM
Topical term or geographic name entry element HOUSING PROVISION
650 ## - SUBJECT ADDED ENTRY--TOPICAL TERM
Topical term or geographic name entry element RESIDENTIAL BUILDING LAND
650 ## - SUBJECT ADDED ENTRY--TOPICAL TERM
Topical term or geographic name entry element HARARE
650 ## - SUBJECT ADDED ENTRY--TOPICAL TERM
Topical term or geographic name entry element LOW INCOME GROUPS
650 ## - SUBJECT ADDED ENTRY--TOPICAL TERM
Topical term or geographic name entry element ZIMBABWE
650 ## - SUBJECT ADDED ENTRY--TOPICAL TERM
Topical term or geographic name entry element PUBLIC PRIVATE PARTNERSHIPS
690 ## - LOCAL SUBJECT ADDED ENTRY--TOPICAL TERM (OCLC, RLIN)
Topical term or geographic name as entry element HOUSING
710 ## - ADDED ENTRY--CORPORATE NAME
Corporate name or jurisdiction name as entry element Royal Institution of Chartered Surveyors
Subordinate unit Foundation
9 (RLIN) 4173
856 ## - ELECTRONIC LOCATION AND ACCESS
Uniform Resource Identifier <a href="https://www.rics.org/site/scripts/download_info.aspx?downloadID=2101">https://www.rics.org/site/scripts/download_info.aspx?downloadID=2101</a>
Public note View the paper on the RICS Foundation website...
942 ## - ADDED ENTRY ELEMENTS (KOHA)
Suppress in OPAC 0
Holdings
Withdrawn status Lost status Source of classification or shelving scheme Damaged status Not for loan Home library Current library Shelving location Date acquired Total Checkouts Full call number Barcode Date last seen Copy number Price effective from Koha item type
    Dewey Decimal Classification     London London RICS Boxes 13/04/2004   RICS 2004/10 30069153 06/08/2019 1 06/08/2019 Reference material
    Dewey Decimal Classification     London London RICS Boxes 13/04/2004   RICS 2004/10 30069157 06/08/2019 2 06/08/2019 Reference material
    Dewey Decimal Classification     London London RICS Boxes 13/04/2004   RICS 2004/10 30069165 06/08/2019 3 06/08/2019 Book
    Dewey Decimal Classification     Virtual Virtual Online 13/04/2004   ONLINE PUBLICATION 124814-2001 06/08/2019 1 06/08/2019 Book